01163 a2200217 45000010006000000050017000060080041000230030015000640400040000790800036001192450085001550200018002402500012002582640034002703000019003045050435003231000027007587000018007857000022008038560120008252491520260407155531.0260407a2006 arg spa dAR-UNSa-BCEJYS aAR-UNSa-BCEJYSbspacAR-UNSa-BCEJYS a657.41xContabilidad Financiera10aCombinaciones de negociospsu tratamiento contable en el país y en el exterior a987-01-0446-0 a3a. ed. 1aBuenos Aires :bErreparc2006 a243 p.c21 cm. a1. Combinaciones de negocios entre sociedades comerciales - 2. Combinaciones de negocios entre sociedades por compra de acciones - 3. Procedimiento de consolidación y medición al método del valor patrimonial proporcional. Normas vigentes - 4. Casos de aplicación práctica de las Resoluciones Técnicas 18 y 21 de la FACPCE - 5. Uniones transitorias de empresas - 6. Conversión de estados contables a moneda extranjera1 aColamussi, Rosa Teresa1 aBiondi, Mario1 aBiondi, Mario (h)41uhttps://biblioeco.unsa.edu.ar/pmb/images/libros/Combinaciones de Negocios (2006).jpgyImagen de portadaqimage/jpeg